| 000 | 00345nam a2200133Ia 4500 | ||
|---|---|---|---|
| 008 | 240624s9999 xx 000 0 und d | ||
| 041 | _aeng | ||
| 082 | _a171.6 STO | ||
| 100 | _aSTOUT LYNN | ||
| 245 | _aCULTIVATING CONSCIENCE HOW GOOD LAWS MAK | ||
| 260 |
_c2011 _aNew Jersey _bPrinceton University Press |
||
| 300 | _a320 : p. | ||
| 365 |
_c _b30 |
||
| 999 |
_c27979 _d27979 |
||